Normal view
MARC view
- Fry, Ronald W.
Entry Nombre Personal
001 - NUMERO DE CONTROL
- campo de control: 47016
003 - IDENTIFICADOR DE NUMERO DE CONTROL
- campo de control: DLC
005 - FECHA Y HORA DE LA ÜLTIMA TRANSACCIÓN
- campo de control: 20221007083030.0
008 - DATOS DE LONGITUD FIJA
- campo de control de longitud fija: 880606n| acannaab| |a aaa ||| c
010 ## - NÚMERO DE CONTROL DE LA BIBLIOTECA DEL CONGRESO
- Número de control LC: n 88093331
040 ## - FUENTE DE CATALOGACIÓN
- Agencia original de catalogación: InU
- Lenguaje de catalogación: spa
- Agencia de transcripción: DLC
- Agencia que lo modifica: DLC
- Agencia que lo modifica: MX-MxUPN
100 1# - ENCABEZAMIENTO - NOMBRE PERSONAL
- Nombre personal: Fry, Ronald W.
400 10 - VEÁSE - NOMBRE DE PERSONA
- Personal name: Fry, Ron,
- Dates associated with a name: 1949-
670 ## - FUENTE EN LA QUE SE LOCALIZARON DATOS
- Cita de la fuente: Internships, 1988:
- Información localizada: t.p. (Ronald W. Fry)
670 ## - FUENTE EN LA QUE SE LOCALIZARON DATOS
- Cita de la fuente: Your first resume, c1992:
- Información localizada: portada (Ron Fry) solapa (b. 10-20-49)
670 ## - FUENTE EN LA QUE SE LOCALIZARON DATOS
- Cita de la fuente: Cómo estudiar y presentar mejores trabajos, 1992:
- Información localizada: portada (Ron Fry)
902 ## - CATALOGADOR
- Catalogador: Víctor Ruiz/071022
